Teorija kratnych trigonometričeskich summ /

Guardado en:
Detalles Bibliográficos
Autores principales: Karaciba, Anatolij Alekswjwvič (Autor), Čubarikov, Vladimir Nikolajevič (Autor), Archipov, Gennadij Ivanovič (Autor)
Formato: Libro
Publicado: Moskva : Nauka, 1987
Etiquetas: Agregar Etiqueta
Sin Etiquetas, Sea el primero en etiquetar este registro!

MARC

LEADER 00000nam a22000003a 4500
001 stu14311
005 20150617225759.8
008 ------s1987----xxr---------------------d
040 |a STU  |b slo 
041 0
044 |a xxr 
080 |a 528.338 
100 1 |a Karaciba, Anatolij Alekswjwvič  |4 aut 
245 1 |a Teorija kratnych trigonometričeskich summ /  |c [aut.]Archipov,Gennadij Ivanovič, Karaciba,Anatolij Alekswjwvič, Čubarikov,Vladimir Nikolajevič 
260 |a Moskva :  |b Nauka,  |c 1987 
300 |a 368 s :  |b Literatúra 
700 1 |a Čubarikov, Vladimir Nikolajevič  |4 aut 
700 1 |a Archipov, Gennadij Ivanovič  |4 aut 
996 |b C83221  |c C*83221  |l CCV  |s P  |a 0  |w stu14311_0001